Statistics for Logic (Rapper) Quiz

Click here to take the quiz!

General Stats

  • This quiz has been taken 7,132 times
  • The average score is 7 of 14

Answer Stats

HintAnswer% Correct
Where Logic is fromMaryland
93%
Logic's First NameSir
77%
Logic's GroupRattpack
66%
The Name Of His Debut AlbumUnder Pressure
64%
Logic's NicknameYoung Sinatra
55%
How Old Was Logic When His Debut Album Came Out24
55%
Logic's Last MixtapeWelcome To Forever
45%
Rattpack Stands For WhatReal All The Time
39%
Logic's Female FansBobbysoxers
39%
Logic's Original Rap NamePsychological
38%
Signed Logic Before Def JamVisionary Music Group
35%
Name Of Logic's NeighborhoodWest Deer Park
26%
Name of Logic's High SchoolGaithersburg High
20%
Logic's 1st JobBusser
7%

Score Distribution

Percentile by Number Answered

Percent of People with Each Score

Your Score History

You have not taken this quiz